000 00860nam a22001695i 4500
001 157640
003 ES-MaACL
005 20230906210755.0
008 040906s1803 fr af |||| | fre d
040 _aCAM
_bspa
_cCAM
245 0 0 _aLettres athéniennes ou Correspondance d'un agent du roi de Perse, à Athènes, pendant la guerre du Péloponèse /
_ctraduite de l'anglais par Alexandre-Louis Villeterque; ornées de douze portraits gravés de burin; avec une carte de l'ancienne Grèce et un index géographique.
260 _aParis :
_bDentu, imp.-libraire,
_cAn XI, 1803.
300 _a3 v. (396 p., [5] h. de lám.; 408 p., [4] h. de lám.; 385 p.; [3] h. de lám.) :
_bil. ;
_c21 cm.
599 _aLas h. de lám. calc.: "Gravé por Adam", retratos.
700 1 _aVilleterque, Alexandre-Louis.
_9133770
852 _aES-MaACL
_jG-8953-55
_z-- Enc. hol.
999 _c157640
_d157640